Houses in multiple occupation (Record no. 79590)
[ view plain ]
| 000 -LEADER | |
|---|---|
| fixed length control field | 01114cab a22002055a 4500 |
| 001 - CONTROL NUMBER | |
| control field | L141809 |
| 008 - FIXED-LENGTH DATA ELEMENTS--GENERAL INFORMATION | |
| fixed length control field | 071221s2007 xxk f 000 0 eng d |
| 035 ## - SYSTEM CONTROL NUMBER | |
| System control number | (Sirsi) u141809 |
| 041 0# - LANGUAGE CODE | |
| Language code of text/sound track or separate title | eng |
| 110 2# - MAIN ENTRY--CORPORATE NAME | |
| Corporate name or jurisdiction name as entry element | Letting Update Journal |
| 9 (RLIN) | 5294 |
| 245 00 - TITLE STATEMENT | |
| Title | Houses in multiple occupation |
| Remainder of title | 18 months after occupation |
| 260 ## - PUBLICATION, DISTRIBUTION, ETC. | |
| Date of publication, distribution, etc. | 2007 |
| 490 ## - SERIES STATEMENT | |
| Series statement | Letting Update Journal |
| Volume/sequential designation | 15(3) October 2007, 14-17(4) |
| 520 ## - SUMMARY, ETC. | |
| Summary, etc. | Explains the current legislation affecting the licensing of Houses of Multiple Occupation (HMOs). Properties of three or more storeys housing five or more people from two or more households must be licensed. Many local schemes differ as those already in operation when the legislation took effect were validated by the government. Considers how landlords can ensure compliance from HMO operators. Covers the licence application process and details the Residential Property Tribunal Service and Empty Dwelling Management Orders. |
| 590 ## - LOCAL NOTE (RLIN) | |
| Local note | KA |
| 650 24 - SUBJECT ADDED ENTRY--TOPICAL TERM | |
| Topical term or geographic name entry element | HOUSING ACT 1996 |
| 651 #4 - SUBJECT ADDED ENTRY--GEOGRAPHIC NAME | |
| Geographic name | United Kingdom |
| Chronological subdivision | |
| 690 ## - LOCAL SUBJECT ADDED ENTRY--TOPICAL TERM (OCLC, RLIN) | |
| Topical term or geographic name as entry element | PROPERTY-RESIDENTIAL PROPERTY-RESIDENTIAL LANDLORD AND TENANT |
| 942 ## - ADDED ENTRY ELEMENTS (KOHA) | |
| Suppress in OPAC | 0 |
| Withdrawn status | Lost status | Source of classification or shelving scheme | Damaged status | Not for loan | Home library | Current library | Shelving location | Date acquired | Total Checkouts | Full call number | Barcode | Date last seen | Copy number | Price effective from | Koha item type |
|---|---|---|---|---|---|---|---|---|---|---|---|---|---|---|---|
| Dewey Decimal Classification | London | London | Journal article | 21/12/2007 | L141809 | 141809-1001 | 06/08/2019 | 1 | 06/08/2019 | Journal article |